Statystyki dla Flagi z koroną w minutę

Kliknij tutaj aby rozwiązać quiz!

Ogólne statystyki

  • Ten quiz został rozwiązany 23 razy
  • Średni wynik to 11 z 12

Statystyki odpowiedzi

Odpowiedź% Poprawnych
Chorwacja
100%
Czarnogóra
100%
Hiszpania
100%
Andora
95%
San Marino
95%
Serbia
95%
Watykan
95%
Fidżi
90%
Lesotho
86%
Brunei
81%
Liechtenstein
81%
Tadżykistan
81%

Rozkład punktacji

Percentyl według liczby udzielonych odpowiedzi

Procent ludzi z każdym wynikiem

Twoja historia wyników

Nie rozwiązałeś tego quizu